| 000 | 00821nam a2200241 a 4500 | ||
|---|---|---|---|
| 001 | |||
| 003 | OSt | ||
| 005 | 20240302073953.0 | ||
| 008 | 190405s2014 dr 000 m spa d | ||
| 020 | _z9789945420159 | ||
| 040 |
_aDO-SdBNP _bspa _cDO-SdBNP |
||
| 082 |
_axx _bJ61m _2 |
||
| 100 |
_aJiménez, Ramón Antonio _d1962- _976102 |
||
| 245 | 1 | 3 |
_aLa música de la vida : _bmedia antología personal / _c Ramón Antonio Jiménez : |
| 260 |
_aSan Francisco de Macorís , República Dominicana : _bNote del Jaya, _c2014 |
||
| 300 |
_a389 p. ; _c25 cm. |
||
| 500 | _aIncluye datos biográficos del autor en la solapa de la cubierta | ||
| 590 | _aInventariado, 2020/VM | ||
| 700 | 1 |
_aRosario Candelier, Bruno, _d1941- _9851 |
|
| 700 | 1 |
_aJiménez, Ramón Antonio, _d1962- _976102 |
|
| 942 |
_2ddc _cLBS1 |
||
| 956 | _aVMateo | ||
| 999 |
_c48917 _d48917 |
||